Media década perdida: aumentó la pobreza
Guardado en:
| Formato: | Texto |
|---|---|
| Materias: | |
| Etiquetas: |
Agregar Etiqueta
Sin Etiquetas, Sea el primero en etiquetar este registro!
|
MARC
| LEADER | 00000 a a2200000 04500 | ||
|---|---|---|---|
| 001 | 10259 | ||
| 003 | |||
| 040 | |||
| 245 | |a Media década perdida: |b aumentó la pobreza | ||
| 650 | |a RECESION ECONOMICA | ||
| 650 | |a POBREZA | ||
| 650 | |a TRABAJO | ||
| 773 | |g número 25; página 2 | ||
| 999 | |c 38758 |d 38758 | ||
